| 000 | 00923cam a2200301 4500 | ||
|---|---|---|---|
| 008 | 090401t1993 xxu||||| |||| 00| 0 eng d | ||
| 020 | _a0860173747 | ||
| 035 | _a(Sirsi) u54500 | ||
| 041 | _aeng | ||
| 050 | _a628.3 | ||
| 100 | _aPayne, J.A. | ||
| 245 | _aSeptic tanks and small sewage treatment works: a guide to current practice and common problems. | ||
| 260 |
_aLondon _bCIRIA _c1993 |
||
| 300 | _a52p. ; 30cm. | ||
| 350 | _a0 | ||
| 490 |
_aCIRIA Technical Note _v146 |
||
| 490 |
_aNRA R&D Report _v8 |
||
| 520 | _aNational Rivers Authority participated in the supervision and funding of the research. | ||
| 650 | _aGROUNDWATER | ||
| 650 | _aNATIONAL RIVERS AUTHORITY | ||
| 650 | _aSEPTIC TANKS | ||
| 650 | _aSEWAGE TREATMENT WORKS | ||
| 690 | _aWATER | ||
| 700 | _aButler, D. | ||
| 710 |
_aConstruction Industry Research and Information Association _94810 |
||
| 942 | _n0 | ||
| 948 | _c04/03/1997 | ||
| 999 |
_c93482 _d93482 |
||